000
00340nam a2200145Ia 4500
008
191201s2005 xx 000 0 und d
082
_a
621.38833
_b
DHT
100
_a
DHAKE, A M
245
0
_a
Television and Video Engineering
250
_a
2nd
260
_a
N.Delhi
_b
TMH
_c
2005
300
_a
646
650
_a
B.Tech(ECE)
942
_2
ddc
_c
BK
999
_c
1485
_d
1485